Nothing to smile about (Record no. 79661)

MARC details
000 -LEADER
fixed length control field 00763cab a22001935a 4500
001 - CONTROL NUMBER
control field L141941
008 - FIXED-LENGTH DATA ELEMENTS--GENERAL INFORMATION
fixed length control field 080116e20080111xxkad f s 000 0 eng d
035 ## - SYSTEM CONTROL NUMBER
System control number (Sirsi) u141941
041 0# - LANGUAGE CODE
Language code of text/sound track or separate title eng
100 1# - MAIN ENTRY--PERSONAL NAME
Personal name Whitmore, James
245 00 - TITLE STATEMENT
Title Nothing to smile about
260 ## - PUBLICATION, DISTRIBUTION, ETC.
Date of publication, distribution, etc. 2007
490 #0 - SERIES STATEMENT
Series statement Property Week
Volume/sequential designation 72(2) 11 January 2008, 20-21(2)
520 ## - SUMMARY, ETC.
Summary, etc. Reviews developments in 2007 in the quoted property sector. Focuses on the the best and worst performing firms. Covers REITS share performance; non-reits share performance and property investment trusts. Finds 2007 was a bad year but expects that 2008 cannot be as bad.
590 ## - LOCAL NOTE (RLIN)
Local note KA
651 #4 - SUBJECT ADDED ENTRY--GEOGRAPHIC NAME
Geographic name United Kingdom
Chronological subdivision
690 ## - LOCAL SUBJECT ADDED ENTRY--TOPICAL TERM (OCLC, RLIN)
Topical term or geographic name as entry element PROPERTY-COMMERCIAL PROPERTY-COMMERCIAL PROPERTY MARKET
942 ## - ADDED ENTRY ELEMENTS (KOHA)
Suppress in OPAC 0
Holdings
Withdrawn status Lost status Source of classification or shelving scheme Damaged status Not for loan Home library Current library Shelving location Date acquired Total Checkouts Full call number Barcode Date last seen Copy number Price effective from Koha item type
    Dewey Decimal Classification     London London Journal article 16/01/2008   L141941 141941-1001 06/08/2019 1 06/08/2019 Journal article